Entry Nombre personal
001 - NÚMERO DE CONTROL
- campo de control: 235482
003 - IDENTIFICADOR DE NÚMERO DE CONTROL
- campo de control: SpMaBN
005 - FECHA Y HORA DE LA ÚLTIMA TRANSACCIÓN
- campo de control: 20240306143329.0
008 - ELEMENTOS DE DATO DE LONGITUD-FIJA
- campo de control de longitud fija: 901120nn aijnnaabn a aaa
016 ## - NÚMERO DE CONTROL DE UNA AGENCIA BIBLIOGRÁFICA NACIONAL
- Número de control del registro: BNE19900139317
024 7# - IDENTIFICADOR DE OTROS ESTÁNDARES
- Número estándar o código: http://viaf.org/viaf/83130994/
- Fuente: viaf
024 7# - IDENTIFICADOR DE OTROS ESTÁNDARES
- Número estándar o código: https://isni.org/isni/0000000108234192
- Fuente: isni
024 7# - IDENTIFICADOR DE OTROS ESTÁNDARES
- Número estándar o código: http://www.wikidata.org/entity/Q52835509
- Fuente: wikidata
040 ## - FUENTE DE CATALOGACIÓN
- Centro catalogador/agencia de origen: SpMaBN
- Lengua de catalogación: spa
- Centro/agencia transcriptor: SpMaBN
- Normas de descripción: rdc
- Convención/Normas de encabezamiento de materia/tesauro: embne
046 ## - FECHAS CON CODIFICACIÓN ESPECIAL
- Fecha de nacimiento: 1937
100 1# - ENCABEZAMIENTO-NOMBRE DE PERSONA
- Nombre de persona: Salas, Antonio,
- Fechas asociadas al nombre: 1937-
375 ## - GÉNERO/SEXO
- Género: Masculino
377 ## - IDIOMA ASOCIADO
- Código del idioma: spa
- Término de lengua/lenguaje: Español
400 1# - TRAZADO DE VÉASE--NOMBRE DE PERSONA
- Nombre de persona: Salas Ferragut, Antonio,
- Fechas asociadas al nombre: 1937-
670 ## - FUENTE DE DATOS ENCONTRADOS
- Cita de la fuente: Los orígenes, 1992
- Información encontrada: port. (Antonio Salas, O.S.A.) v. port. (Palma de Mallorca 1937; Doctor en Ciencias Bíblicas; cop. Antonio Salas Ferragut)
670 ## - FUENTE DE DATOS ENCONTRADOS
- Cita de la fuente: Libros españoles en venta, 1988
- Información encontrada: (Salas Ferragut, Antonio)
